| 000 | 00608nam a2200229Ia 4500 | ||
|---|---|---|---|
| 003 | OSt | ||
| 005 | 20221007074223.0 | ||
| 006 | a|||||r|||| 00| 0 | ||
| 007 | ta | ||
| 008 | 221006b |||||||| |||| 00| 0 eng d | ||
| 024 | _a12,994 | ||
| 037 | _cTextual | ||
| 040 |
_aFLL _cFLL _beng |
||
| 041 |
_2eng _aeng |
||
| 082 | _aV58:5:Z, M1 | ||
| 100 |
_aAntonov B. Au. _9692734 |
||
| 245 | 0 | _aMasked as fighters for human rights | |
| 260 |
_aMoscow _bProgress pub. U.S.S.R. _c1981 |
||
| 300 |
_a134p _ccm. |
||
| 942 |
_hV58:5:Z, M1 _cTEXL _2CC |
||
| 999 |
_c1151583 _d1151583 |
||